000 00282nam a22001337a 4500
008 170525b xxu||||| |||| 00| 0 eng d
020 _a9783540528654
041 _ager
080 _a621
100 _a26
101 _aIM
245 _aENERGIETECHNIK
_cKUGELER,K
942 _2udc
_cBK
999 _c14225
_d14225